MARC details
| 000 -CABECERA |
| campo de control de longitud fija |
01837cam a2200349Mi 4500 |
| 001 - NÚMERO DE CONTROL |
| campo de control |
991106414902106196 |
| 005 - FECHA Y HORA DE LA ÚLTIMA TRANSACCIÓN |
| campo de control |
20250922173527.0 |
| 008 - DATOS DE LONGITUD FIJA--INFORMACIÓN GENERAL |
| campo de control de longitud fija |
140611s2015 enkbj e 000 1 eng |
| 020 ## - NÚMERO INTERNACIONAL ESTÁNDAR DEL LIBRO |
| Número Internacional Estándar del Libro |
9781526664808 |
| 035 ## - NÚMERO DE CONTROL DEL SISTEMA |
| Número de control de sistema |
(UTL)10047151-01utoronto_inst |
| 035 ## - NÚMERO DE CONTROL DEL SISTEMA |
| Número de control de sistema |
(SIRSI)10047151 |
| 035 ## - NÚMERO DE CONTROL DEL SISTEMA |
| Número de control de sistema |
(OCoLC)898451804 |
| 040 ## - FUENTE DE LA CATALOGACIÓN |
| Centro catalogador/agencia de origen |
AU@ |
| Lengua de catalogación |
eng |
| Centro/agencia transcriptor |
AU@ |
| Centro/agencia modificador |
OCLCO |
| -- |
OCLCF |
| -- |
CaOTU |
| 041 ## - CÓDIGO DE LENGUA |
| Código de lengua del texto/banda sonora o título independiente |
eng |
| 050 #4 - SIGNATURA TOPOGRÁFICA DE LA BIBLIOTECA DEL CONGRESO |
| Número de clasificación |
PR6119 .H26 |
| Número de documento/Ítem |
M56 2015 |
| 100 ## - ENTRADA PRINCIPAL--NOMBRE DE PERSONA |
| Nombre de persona |
Shannon, Samantha |
| Fechas asociadas al nombre |
1991- |
| 9 (RLIN) |
14383 |
| Término indicativo de función/relación |
author |
| 245 14 - MENCIÓN DE TÍTULO |
| Título |
The mime order |
| Mención de responsabilidad, etc. |
/ Samantha Shannon. |
| 250 ## - MENCIÓN DE EDICIÓN |
| Mención de edición |
Preferred text edition. |
| 260 ## - PUBLICACIÓN, DISTRIBUCIÓN, ETC. |
| Lugar de publicación, distribución, etc. |
London : |
| Nombre del editor, distribuidor, etc. |
Bloomsbury, |
| Fecha de publicación, distribución, etc. |
2024 |
| 300 ## - DESCRIPCIÓN FÍSICA |
| Extensión |
535 pages : |
| Otras características físicas |
maps, genealogical tables ; |
| Dimensiones |
24 cm. |
| 490 ## - MENCIÓN DE SERIE |
| Mención de serie |
The bone season ; |
| Designación de volumen o secuencia |
b. 2 |
| 520 ## - SUMARIO, ETC. |
| Sumario, etc. |
Paige Mahoney has escaped the brutal prison camp of Sheol I, but her problems have only just begun: many of the survivors are missing and she is the most wanted person in London...As Scion turns its all-seeing eye on the dreamwalker, the mime-lords and mime-queens of the city's gangs are invited to a rare meeting of the Unnatural Assembly. Jaxon Hall and his Seven Seals prepare to take centre stage, but there are bitter fault lines running through the clairvoyant community and dark secrets around every corner. Then the Rephaim begin crawling out from the shadows. But where is Warden? Paige must keep moving, from Seven Dials to Grub Street to the secret catacombs of Camden, until the fate of the underworld can be decided. |
| 650 #0 - PUNTO DE ACCESO ADICIONAL DE MATERIA--TÉRMINO DE MATERIA |
| Término de materia o nombre geográfico como elemento de entrada |
Clairvoyance |
| Subdivisión de forma |
Fiction |
| 9 (RLIN) |
25940 |
| 650 #0 - PUNTO DE ACCESO ADICIONAL DE MATERIA--TÉRMINO DE MATERIA |
| Término de materia o nombre geográfico como elemento de entrada |
Psychics |
| Subdivisión de forma |
Fiction |
| 9 (RLIN) |
25941 |
| 650 #0 - PUNTO DE ACCESO ADICIONAL DE MATERIA--TÉRMINO DE MATERIA |
| Término de materia o nombre geográfico como elemento de entrada |
Telepathy |
| Subdivisión general |
Fiction |
| 9 (RLIN) |
11610 |
| 650 #0 - PUNTO DE ACCESO ADICIONAL DE MATERIA--TÉRMINO DE MATERIA |
| Término de materia o nombre geográfico como elemento de entrada |
Insurgency |
| Subdivisión de forma |
Fiction |
| 9 (RLIN) |
25942 |
| 650 #0 - PUNTO DE ACCESO ADICIONAL DE MATERIA--TÉRMINO DE MATERIA |
| Término de materia o nombre geográfico como elemento de entrada |
Government, Resistance to |
| Subdivisión de forma |
Fiction |
| 9 (RLIN) |
25943 |
| 651 #0 - PUNTO DE ACCESO ADICIONAL DE MATERIA--NOMBRE GEOGRÁFICO |
| Nombre geográfico |
London (England) |
| Subdivisión de forma |
Fiction |
| 9 (RLIN) |
24106 |
| 655 #0 - TÉRMINO DE INDIZACIÓN--GÉNERO/FORMA |
| Datos o término principal de género/forma |
Fantasy fiction |
| 9 (RLIN) |
22510 |
| 655 #0 - TÉRMINO DE INDIZACIÓN--GÉNERO/FORMA |
| Datos o término principal de género/forma |
Science fiction |
| 9 (RLIN) |
22728 |
| 942 ## - ELEMENTOS DE ENTRADA AGREGADA (KOHA) |
| Fuente del sistema de clasificación o colocación |
Clasificación de Library of Congress |